000 00246nam a2200109Ia 4500
999 _c12846
_d12846
020 _a978-0070257436
100 _aDouglas V. Hall
245 0 _aMicroprecessors And Interfacing
260 _aUSA
_b McGraw Hill
_c2002
300 _a720
942 _cBK